002270000a220007300045001000018000002450063000183000049000817730023001301 aPrieto, Jaime10aVocación y misión de Irene Foulkes en América Latina aVol. 21, Num. 1 (Mayo, 2001), Páginas 9-300 tVida y pensamiento